Home Print Resources E-Books E-Journals IIMT Lecture Series Library Membership Form Book Recommendation Form Campus Tour Take AdmissionAbout Us Contact Us

ABHIVYAKTI KA AVSAR (Record no. 67091)

000 -LEADER
fixed length control field 00338nam a22001457a 4500
003 - CONTROL NUMBER IDENTIFIER
control field OSt
005 - DATE AND TIME OF LATEST TRANSACTION
control field 20260225123948.0
008 - FIXED-LENGTH DATA ELEMENTS--GENERAL INFORMATION
fixed length control field 260225b |||||||| |||| 00| 0 eng d
040 ## - CATALOGING SOURCE
Transcribing agency IIMT UNIVERSITY
100 ## - MAIN ENTRY--PERSONAL NAME
Personal name PATEL, ANANDIBEN
245 ## - TITLE STATEMENT
Title ABHIVYAKTI KA AVSAR
260 ## - PUBLICATION, DISTRIBUTION, ETC.
Place of publication, distribution, etc. LUCKNOW
Name of publisher, distributor, etc. RAJBHAVAN
Date of publication, distribution, etc. 2022
300 ## - PHYSICAL DESCRIPTION
Extent 58
942 ## - ADDED ENTRY ELEMENTS (KOHA)
Source of classification or shelving scheme
Koha item type Text-Book- for 7 days
Holdings
Withdrawn status Lost status Source of classification or shelving scheme Damaged status Not for loan Home library Current library Date acquired Source of acquisition Inventory number Full call number Barcode Date last seen Uniform Resource Identifier Price effective from Koha item type
          IIMT University Central Library Meerut IIMT University Central Library Meerut 02/25/2026 CHAIRMEN SIR DONATED 361 ANA 28-S-4980 02/25/2026 (Social and Political Thought 02/25/2026 Text-Book- for 7 days
IIMT, Central Library. All Rights Reserved IIMT,UNIVERSITY © 2023
Implemented and Customised by I CLOUDE EMS
You Are OPAC Visitor No
free web counter

Powered by Koha